Mathematical logic and the foundations of mathematics : an introductory survey /

Guardado en:
Autor Principal: Kneebone, G. T.
Formato: Libro
Idioma:English
Publicado: London : Van Nostrand, c1963.
Etiquetas: Agregar Etiqueta
Sin Etiquetas, Sea el primero en etiquetar este registro!
LEADER 00558cam a22001695a 4500
001 MAT.inmabb002322
008 840517s1963####enk######b####001#0#eng#d
005 20160624174604.0
245 1 0 |a Mathematical logic and the foundations of mathematics :  |b an introductory survey /  |c G. T. Kneebone. 
260 |a London :  |b Van Nostrand,  |c c1963. 
300 |a xiv, 435 p. ;  |c 24 cm. 
504 |a Bibliografía: p. 401-423. 
510 4 |a MR,  |c 27 #26 
100 1 |a Kneebone, G. T. 
084 |a 03-01 (03Bxx)  |2 msc2000 
010 |a  62019535  
859 |h 03  |i K68  |p A-3997  |b BIB. MATEMATICA